Statistics for NBA Western Conference Rosters 2021-2022

Click here to take the quiz!

General Stats

  • This quiz has been taken 118 times
    (90 since last reset)
  • The average score is 130 of 248

Answer Stats

TeamPositionPlayer#% Correct
PGLuka Dončić77
97%
PFDraymond Green23
95%
SGJalen Green0
95%
PFJaMychal Green0
95%
CJeff Green32
95%
SGJosh Green8
95%
CNikola Jokić15
95%
PGStephen Curry30
95%
PFDorian Finney-Smith10
94%
PGKevin Porter Jr.3
94%
SFMichael Porter Jr.1
94%
PFOtto Porter Jr.32
94%
SGKlay Thompson11
92%
PGDejounte Murray5
89%
PGJamal Murray
89%
CKevon Looney5
89%
CDwight Powell7
88%
PFJaren Jackson Jr.13
88%
SGJordan Poole3
88%
SFLeBron James6
88%
SGNorman Powell24
88%
SGReggie Jackson1
88%
CAnthony Davis3
86%
Phoenix SunsCDeandre Ayton22
86%
SGDevin Booker1
86%
PGJa Morant12
86%
PFMarcus Morris Sr.8
86%
PGMonté Morris11
86%
SGTerence Davis II3
86%
PFAaron Gordon50
85%
PGDamian Lillard0
85%
PGDavion Mitchell15
85%
SGDonovan Mitchell45
85%
SGEric Gordon10
85%
PGJalen Brunson13
85%
CKarl-Anthony Towns32
85%
PFMaxi Kleber42
85%
CRudy Gobert27
85%
SGAaron Wiggins21
83%
SFAndrew Wiggins22
83%
PGChris Paul3
83%
SFDesmond Bane22
83%
CIvica Zubac40
83%
SFBrandon Ingram14
82%
PFCameron Johnson23
82%
SGCJ McCollum3
82%
PGD'Angelo Russell0
82%
PGDe'Aaron Fox5
82%
SFKeldon Johnson3
82%
SFKenrich Williams34
82%
PFStanley Johnson14
82%
Memphis GrizzliesCSteven Adams4
82%
SFZiaire Williams8
82%
SGAnthony Edwards1
80%
CDwight Howard39
80%
SFJuan Toscano-Anderson95
80%
SFKawhi Leonard
80%
SGMarkus Howard00
80%
PGMike Conley Jr.11
80%
SFPaul George13
80%
PGRussell Westbrook0
80%
PFZion Williamson
80%
CDamian Jones30
78%
CHerbert Jones5
78%
PFJae Crowder99
78%
SFJonathan Kuminga00
78%
SGMason Jones40
78%
SFMikal Bridges25
78%
PGShai Gilgeous-Alexander2
78%
PGTre Jones33
78%
PGTyus Jones21
78%
CJakob Poeltl25
77%
CJusuf Nurkić27
77%
SFDillon Brooks24
75%
PGElfrid Payton2
75%
PGGary Payton II0
75%
Utah JazzSGNickeil Alexander-Walker6
75%
SGTim Hardaway Jr.11
75%
PFBrandon Clarke15
74%
CChristian Wood35
74%
PFGary Clark12
74%
CJames Wiseman
74%
CJonas Valančiūnas17
74%
SFJosh Hart11
74%
Los Angeles LakersPFCarmelo Anthony7
72%
PGSpencer Dinwiddie26
72%
Denver NuggetsSGWill Barton III5
72%
SGAustin Reaves15
71%
CJaVale McGee00
71%
Los Angeles ClippersPFNicolas Batum33
71%
SGAnfernee Simons1
69%
SGJosh Giddey3
69%
SFLuguentz Dort5
69%
PGCameron Payne15
68%
PFDomantas Sabonis10
68%
SGJordan Clarkson00
68%
PFKyle Anderson1
68%
SFTerance Mann14
68%
PGTre Mann23
68%
CJaxson Hayes10
66%
PGPatrick Beverley22
66%
SFReggie Bullock25
66%
CDeAndre Jordan10
65%
SGLuke Kennard5
65%
Minnesota TimberwolvesSGMalik Beasley5
65%
SFRoyce O'Neale23
65%
CBoban Marjanović51
63%
PGFacundo Campazzo7
63%
Sacramento KingsPFHarrison Barnes40
63%
PFJarred Vanderbilt8
63%
SGMalik Monk11
63%
SGMoses Moody4
63%
PFBojan Bogdanović44
62%
SGDamion Lee1
62%
Oklahoma City ThunderPFDarius Bazley7
62%
CAlperen Şengün28
60%
SFJoe Ingles
60%
SFRobert Covington23
60%
SGAustin Rivers25
58%
SGAvery Bradley20
58%
CRichaun Holmes22
58%
SFTrevor Ariza1
58%
SFAndre Iguodala9
57%
PGJohn Wall
57%
SGLonnie Walker IV1
57%
PGDevonte' Graham4
55%
CHassan Whiteside21
55%
Golden State WarriorsCNemanja Bjelica8
55%
CDerrick Favors15
54%
SFJae'Sean Tate8
54%
SGTalen Horton-Tucker5
54%
PFAleksej Pokuševski17
52%
CDario Šarić
52%
SGDe'Anthony Melton0
52%
PFJaden McDaniels3
52%
CIsaiah Hartenstein55
51%
PFLarry Nance Jr.
51%
PGBones Hyland3
49%
New Orleans PelicansPGJose Alvarado15
49%
Dallas MavericksPFDāvis Bertāns44
48%
SFDevin Vassell24
48%
SFKent Bazemore9
48%
SFKenyon Martin Jr.6
48%
PFRudy Gay8
46%
PFXavier Tillman Sr.2
46%
CBismack Biyombo18
45%
PGDennis Schröder17
45%
SGLandry Shamet14
45%
CNaz Reid11
45%
Portland Trail BlazersPGEric Bledsoe
43%
PGKendrick Nunn
42%
SGWayne Ellington2
42%
CFrank Kaminsky III8
40%
SFGreg Brown III4
40%
SGSterling Brown0
40%
SGJosh Okogie20
38%
SGJustin Holiday9
38%
PGKira Lewis Jr.13
38%
CMike Muscala33
38%
PGTrey Burke3
38%
CAlex Len25
37%
SGAmir Coffey7
37%
PGBryn Forbes6
37%
PGJordan McLaughlin6
37%
SFTrey Murphy III25
37%
CWilly Hernangómez9
37%
PFIsaiah Roby22
35%
SGJohn Konchar46
35%
SFNassir Little9
35%
SGJaylen Nowell4
34%
Houston RocketsSGJosh Christopher9
34%
SFJustise Winslow26
34%
PFZeke Nnaji22
34%
PFDoug McDermott17
32%
PGFrank Ntilikina21
32%
PFTaurean Prince12
32%
PGChris Chiozza2
31%
CJeremiah Robinson-Earl50
31%
SGJoshua Primo11
31%
PFZach Collins23
31%
PFEric Paschall0
29%
SFMaurice Harkless8
29%
PGThéo Maledon11
29%
SGTy Jerome16
29%
SGJarrett Culver23
28%
PFSanti Aldama7
28%
SGBrandon Boston Jr.4
26%
SFCJ Elleby16
26%
SFJake Layman10
26%
PFMarquese Chriss32
26%
SGRodney Hood22
26%
PFVlatko Čančar31
26%
PFEmanuel Terry26
25%
CJock Landale34
25%
PGTyrell Terry3
25%
PFUsman Garuba16
25%
CChimezie Metu7
23%
SFDavid Nwaba2
23%
SGDonte DiVincenzo0
23%
SFNaji Marshall8
23%
SFDanuel House Jr.25
22%
SGGarrison Mathews25
22%
CKillian Tillie35
22%
PFTrey Lyles41
22%
CUdoka Azubuike20
22%
SGJeremy Lamb26
20%
SFTrendon Watford2
20%
SGBen McLemore23
18%
SGDavon Reed9
18%
SGGarrett Temple41
18%
SGJared Butler13
18%
PGJason Preston
18%
SGTony Snell21
18%
San Antonio SpursSFKeita Bates-Diop31
17%
SGJay Scrubb0
15%
SFKeljin Blevins21
15%
SGQuinndary Weatherspoon12
15%
PFSekou Doumbouya45
15%
SGDaishen Nix15
14%
PGMcKinley Wright IV25
14%
CNeemias Queta88
14%
PGTrent Forrest3
14%
SFLeandro Bolmaro9
12%
PFIsh Wainright12
11%
SFTheo Pinson1
11%
PFSemi Ojeleye37
9%
SGTomáš Satoranský
9%
SGVít Krejčí27
9%
SGTrevelin Queen21
8%
PFDevontae Cacok18
6%
PFNathan Knight13
6%
COlivier Sarr30
6%
SFTorrey Craig0
6%
SFYves Pons5
6%
CDrew Eubanks24
5%
PFGabriel Deck6
5%
PGBrandon Williams8
3%
CBruno Fernando20
3%
SGDiDi Louzada
3%
SGJoe Wieskamp15
3%
PGAaron Holiday4
2%
SGElijah Hughes19
2%
PFJuancho Hernangómez41
2%
SGKeon Johnson6
2%
SGLindy Waters III12
2%
SGRomeo Langford
2%
SGSam Merrill25
2%
SFXavier Sneed
0%

Score Distribution

Percentile by Number Answered

Percent of People with Each Score

Your Score History

You have not taken this quiz since the last reset